00267nam a2200109Ia 4500008004100000041000800041082002400049100001400073245002500087260003700112300000800149230411s9999 xx 000 0 und d aeng aAD/610.7/CLE/B06825 aClement I aMSc Nursing Log Book bJaypee BrothersaBangalorec2011 a84p